[Event "English Open Championship 2024"]
[Site "Holiday Inn, 212 Abbey End, Kenilworth CV8 1ED, United Kingdom"]
[Date "2024.06.22"]
[Round "5.24"]
[White "Balaji, Aaravamudhan"]
[Black "Zhang, Junyi"]
[Result "1-0"]
[TimeControl "G90 + 30secs/move"]
[WhiteFideId "436224"]
[BlackFideId "494437"]
[WhiteElo "2346"]
[BlackElo "1962"]

1. Nf3 {[%clk 01:22:49]} {[%emt 00:08:05]} Nf6 {[%clk 01:29:41]} {[%emt
00:01:24]} 2. g3 {[%clk 01:22:29]} {[%emt 00:00:49]} e6 {[%clk 01:28:24]}
{[%emt 00:01:49]} 3. Bg2 {[%clk 01:22:54]} {[%emt 00:00:04]} d5 {[%clk
01:28:25]} {[%emt 00:00:29]} 4. O-O {[%clk 01:23:19]} {[%emt 00:00:05]} c5
{[%clk 01:26:40]} {[%emt 00:02:16]} 5. d3 {[%clk 01:22:20]} {[%emt 00:01:29]}
Nc6 {[%clk 01:24:47]} {[%emt 00:02:23]} 6. Nbd2 {[%clk 01:22:42]} {[%emt
00:00:05]} Be7 {[%clk 01:22:34]} {[%emt 00:02:46]} 7. e4 {[%clk 01:23:03]}
{[%emt 00:00:08]} O-O {[%clk 01:22:54]} {[%emt 00:00:11]} 8. Re1 {[%clk
01:23:30]} {[%emt 00:00:02]} Qc7 {[%clk 01:20:10]} {[%emt 00:03:14]} 9. c3
{[%clk 01:23:11]} {[%emt 00:00:49]} b6 {[%clk 01:11:40]} {[%emt 00:09:01]} 10.
Nf1 {[%clk 01:21:00]} {[%emt 00:02:39]} Bb7 {[%clk 00:52:06]} {[%emt 00:20:06]}
11. e5 {[%clk 01:19:10]} {[%emt 00:02:20]} Nd7 {[%clk 00:52:02]} {[%emt
00:00:33]} 12. Bf4 {[%clk 01:19:38]} {[%emt 00:00:02]} Rfe8 {[%clk 00:48:24]}
{[%emt 00:04:08]} 13. h4 {[%clk 01:19:37]} {[%emt 00:00:32]} Nf8 {[%clk
00:46:16]} {[%emt 00:02:38]} 14. h5 {[%clk 01:19:44]} {[%emt 00:00:22]} Qd7
{[%clk 00:44:56]} {[%emt 00:01:51]} 15. h6 {[%clk 01:19:56]} {[%emt 00:00:18]}
g6 {[%clk 00:45:04]} {[%emt 00:00:21]} 16. N1h2 {[%clk 01:19:18]} {[%emt
00:01:08]} Qc7 {[%clk 00:40:44]} {[%emt 00:04:51]} 17. Ng4 {[%clk 01:19:04]}
{[%emt 00:00:43]} Nd7 {[%clk 00:39:59]} {[%emt 00:01:16]} 18. Qd2 {[%emt
00:00:03]} Qd8 {[%clk 00:38:26]} {[%emt 00:02:01]} 19. Bg5 {[%clk 01:18:44]}
{[%emt 00:01:19]} Bxg5 {[%clk 00:29:49]} {[%emt 00:09:07]} 20. Nxg5 {[%clk
01:19:10]} {[%emt 00:00:03]} Ne7 {[%clk 00:28:28]} {[%emt 00:01:52]} 21. Qf4
{[%clk 01:18:06]} {[%emt 00:01:33]} Nf5 {[%clk 00:26:38]} {[%emt 00:02:20]} 22.
c4 {[%clk 01:18:35]} Qe7 {[%clk 00:19:10]} {[%emt 00:07:58]} 23. cxd5 {[%clk
01:17:12]} {[%emt 00:01:53]} Bxd5 {[%clk 00:18:50]} {[%emt 00:00:51]} 24. Bxd5
{[%clk 01:16:14]} {[%emt 00:01:27]} exd5 {[%clk 00:19:18]} {[%emt 00:00:02]} 25.
e6 {[%clk 01:09:11]} {[%emt 00:07:33]} fxe6 {[%clk 00:18:34]} {[%emt 00:01:14]}
26. Rxe6 {[%clk 01:09:40]} {[%emt 00:00:01]} Qf8 {[%clk 00:18:50]} {[%emt
00:00:14]} 27. Rae1 {[%clk 01:08:05]} {[%emt 00:02:04]} Rxe6 {[%clk 00:15:30]}
{[%emt 00:03:51]} 28. Rxe6 {[%clk 01:07:23]} {[%emt 00:01:12]} Nxh6 {[%clk
00:09:19]} {[%emt 00:06:41]} 29. Nxh6+ {[%clk 01:07:03]} {[%emt 00:00:50]} Qxh6
{[%clk 00:08:41]} {[%emt 00:01:08]} 30. Qf7+ {[%clk 01:07:18]} {[%emt
00:00:14]} Kh8 {[%clk 00:08:20]} {[%emt 00:00:52]} 31. Re8+ {[%clk 01:07:39]}
{[%emt 00:00:09]} Rxe8 {[%clk 00:07:07]} {[%emt 00:01:43]} 32. Qxe8+ {[%clk
01:08:01]} {[%emt 00:00:07]} Qf8 {[%clk 00:07:30]} {[%emt 00:00:09]} 33. Qxd7
{[%clk 01:08:25]} {[%emt 00:00:05]} Qg7 {[%clk 00:07:40]} {[%emt 00:00:21]} 34.
Qe8+ {[%clk 01:06:58]} {[%emt 00:01:56]} Qg8 {[%clk 00:08:00]} {[%emt
00:00:10]} 35. Qe5+ {[%clk 01:07:23]} {[%emt 00:00:04]} Qg7 {[%clk 00:08:27]}
{[%emt 00:00:04]} 36. Qb8+ {[%clk 01:07:47]} {[%emt 00:00:05]} Qg8 {[%clk
00:08:52]} {[%emt 00:00:06]} 37. Qxa7 {[%clk 01:08:10]} {[%emt 00:00:06]} Qg7
{[%clk 00:09:21]} {[%emt 00:00:02]} 38. Qb8+ {[%clk 01:08:29]} {[%emt
00:00:10]} Qg8 {[%clk 00:09:47]} {[%emt 00:00:04]} 39. Qxb6 {[%clk 01:08:51]}
{[%emt 00:00:08]} h6 {[%clk 00:10:04]} {[%emt 00:00:14]} 40. Qf6+ {[%clk
01:09:14]} {[%emt 00:00:06]} Qg7 {[%clk 00:10:30]} {[%emt 00:00:05]} 41. Qxg7+
{[%clk 01:09:41]} {[%emt 00:00:03]} Kxg7 {[%clk 00:10:56]} {[%emt 00:00:04]} 42.
Ne6+ {[%clk 01:10:06]} {[%emt 00:00:05]} 1-0

[Event "English Open Championship 2024"]
[Site "Holiday Inn, 212 Abbey End, Kenilworth CV8 1ED, United Kingdom"]
[Date "2024.06.22"]
[Round "5.25"]
[White "Stoica, Savas Marin"]
[Black "Patel, Zain"]
[Result "1-0"]
[TimeControl "G90 + 30secs/move"]
[WhiteFideId "464309"]
[BlackFideId "469246"]
[WhiteElo "2115"]
[BlackElo "1972"]

1. e4 {[%clk 01:30:04]} {[%emt 00:00:55]} c6 {[%clk 01:29:00]} {[%emt
00:02:01]} 2. d4 {[%clk 01:30:28]} {[%emt 00:00:06]} d5 {[%clk 01:29:25]}
{[%emt 00:00:04]} 3. Nc3 {[%clk 01:30:55]} {[%emt 00:00:03]} dxe4 {[%clk
01:29:29]} {[%emt 00:00:26]} 4. Nxe4 {[%clk 01:31:21]} {[%emt 00:00:04]} Nf6
{[%clk 01:29:44]} {[%emt 00:00:15]} 5. Nxf6+ {[%clk 01:31:49]} {[%emt
00:00:02]} exf6 {[%clk 01:30:08]} {[%emt 00:00:07]} 6. c3 {[%clk 01:32:16]}
{[%emt 00:00:03]} Bd6 {[%clk 01:30:09]} {[%emt 00:00:28]} 7. Bd3 {[%clk
01:32:42]} {[%emt 00:00:03]} O-O {[%clk 01:30:35]} {[%emt 00:00:06]} 8. Qc2
{[%clk 01:33:10]} {[%emt 00:00:01]} Re8+ {[%clk 01:30:26]} {[%emt 00:00:39]} 9.
Ne2 {[%clk 01:33:36]} {[%emt 00:00:04]} h5 {[%clk 01:28:30]} {[%emt 00:02:26]}
10. Be3 {[%clk 01:33:30]} {[%emt 00:00:36]} h4 {[%clk 01:24:18]} {[%emt
00:04:42]} 11. O-O-O {[%clk 01:32:21]} {[%emt 00:01:40]} Be6 {[%clk 01:23:22]}
{[%emt 00:01:25]} 12. c4 {[%clk 01:21:07]} {[%emt 00:11:44]} a5 {[%clk
01:18:14]} {[%emt 00:05:38]} 13. Nc3 {[%clk 01:08:10]} {[%emt 00:13:27]} Na6
{[%clk 01:12:10]} {[%emt 00:06:35]} 14. a3 {[%clk 01:08:08]} {[%emt 00:00:31]}
Nc7 {[%clk 01:11:11]} {[%emt 00:01:30]} 15. Kb1 {[%clk 00:48:16]} {[%emt
00:20:22]} b5 {[%clk 00:59:50]} {[%emt 00:11:51]} 16. cxb5 {[%clk 00:44:49]}
{[%emt 00:03:57]} cxb5 {[%clk 00:58:17]} {[%emt 00:02:03]} 17. Nxb5 {[%clk
00:44:38]} {[%emt 00:00:40]} Nxb5 {[%clk 00:57:20]} {[%emt 00:01:27]} 18. Bxb5
{[%clk 00:45:03]} {[%emt 00:00:05]} Rc8 {[%clk 00:55:34]} {[%emt 00:02:17]} 19.
Qa4 {[%clk 00:35:01]} {[%emt 00:10:27]} Re7 {[%clk 00:53:08]} {[%emt 00:03:00]}
20. d5 {[%clk 00:33:33]} {[%emt 00:01:58]} Bd7 {[%clk 00:47:39]} {[%emt
00:05:59]} 21. Bxd7 {[%clk 00:27:16]} {[%emt 00:06:47]} Rxd7 {[%clk 00:47:43]}
{[%emt 00:00:26]} 22. Bb6 {[%clk 00:19:50]} {[%emt 00:07:56]} Qxb6 {[%clk
00:36:59]} {[%emt 00:11:15]} 23. Qxd7 {[%clk 00:20:00]} {[%emt 00:00:19]} Rb8
{[%clk 00:37:06]} {[%emt 00:00:23]} 24. Rd2 {[%clk 00:20:26]} {[%emt 00:00:04]}
Be5 {[%clk 00:34:37]} {[%emt 00:02:59]} 25. Re1 {[%clk 00:20:13]} {[%emt
00:00:43]} Rd8 {[%clk 00:26:18]} {[%emt 00:08:49]} 26. Qc6 {[%clk 00:14:39]}
{[%emt 00:06:03]} Qb8 {[%clk 00:22:46]} {[%emt 00:04:03]} 27. Qa4 {[%clk
00:10:07]} {[%emt 00:05:02]} Rxd5 {[%clk 00:22:08]} {[%emt 00:01:08]} 28. Red1
{[%clk 00:09:44]} {[%emt 00:00:53]} Bc3 {[%clk 00:21:44]} {[%emt 00:00:54]} 29.
Re2 {[%clk 00:10:02]} {[%emt 00:00:12]} Re5 {[%clk 00:15:28]} {[%emt 00:06:47]}
30. Qc4 {[%clk 00:08:36]} {[%emt 00:01:55]} Re7 {[%clk 00:08:40]} {[%emt
00:07:18]} 31. Qd3 {[%clk 00:08:37]} {[%emt 00:00:29]} Bd4 {[%clk 00:07:29]}
{[%emt 00:01:42]} 32. Red2 {[%clk 00:04:38]} {[%emt 00:04:28]} Bb6 {[%clk
00:05:39]} {[%emt 00:02:20]} 33. Qb3 {[%clk 00:03:49]} {[%emt 00:01:19]} Qb7
{[%clk 00:05:15]} {[%emt 00:00:56]} 34. Rd5 {[%clk 00:02:27]} {[%emt 00:01:46]}
Qc6 {[%clk 00:04:27]} {[%emt 00:01:23]} 35. Qf3 {[%clk 00:01:09]} {[%emt
00:01:48]} Qa4 {[%clk 00:02:31]} {[%emt 00:02:26]} 36. Qf5 {[%emt 00:01:06]}
Re5 {[%clk 00:02:30]} 37. Qc8+ {[%clk 00:01:13]} {[%emt 00:00:20]} Re8 {[%clk
00:02:55]} {[%emt 00:00:06]} 38. Qc2 {[%clk 00:00:59]} {[%emt 00:00:44]} Qg4
{[%clk 00:02:39]} {[%emt 00:00:46]} 39. g3 {[%clk 00:01:13]} {[%emt 00:00:16]}
Rc8 {[%clk 00:02:41]} {[%emt 00:00:28]} 40. Qf5 {[%emt 00:01:08]} Qc4 {[%clk
00:02:33]} 41. gxh4 {[%clk 00:01:06]} {[%emt 00:00:36]} Rb8 {[%clk 00:01:52]}
{[%emt 00:01:12]} 42. Rc1 {[%clk 00:00:46]} {[%emt 00:00:50]} Qa6 {[%clk
00:02:09]} {[%emt 00:00:12]} 43. h5 {[%clk 00:00:40]} {[%emt 00:00:36]} Bd8
{[%clk 00:01:17]} {[%emt 00:01:22]} 44. Qd3 {[%clk 00:00:40]} {[%emt 00:00:30]}
Qb6 {[%clk 00:01:36]} {[%emt 00:00:12]} 45. Qd4 {[%clk 00:00:52]} {[%emt
00:00:18]} Qxd4 {[%clk 00:00:46]} {[%emt 00:01:20]} 46. Rxd4 {[%clk 00:01:14]}
{[%emt 00:00:02]} f5 {[%clk 00:01:01]} {[%emt 00:00:22]} 47. Rdc4 {[%clk
00:01:13]} {[%emt 00:00:29]} Rb6 {[%emt 00:00:41]} 48. Rc8 {[%clk 00:01:37]}
Rd6 {[%clk 00:01:25]} {[%emt 00:00:02]} 49. Kc2 {[%clk 00:01:54]} {[%emt
00:00:12]} Kh7 {[%clk 00:01:18]} {[%emt 00:00:37]} 50. Rd1 {[%clk 00:02:21]}
{[%emt 00:00:03]} Be7 {[%clk 00:01:16]} {[%emt 00:00:32]} 51. Rxd6 {[%clk
00:02:46]} {[%emt 00:00:05]} Bxd6 {[%clk 00:01:43]} {[%emt 00:00:03]} 52. h3
{[%clk 00:03:10]} {[%emt 00:00:06]} Kh6 {[%clk 00:01:43]} {[%emt 00:00:31]} 53.
Rh8+ {[%clk 00:03:34]} {[%emt 00:00:04]} Kg5 {[%clk 00:02:07]} {[%emt
00:00:07]} 54. Rg8 {[%clk 00:03:34]} {[%emt 00:00:30]} Be5 {[%clk 00:02:31]}
{[%emt 00:00:07]} 55. b4 {[%clk 00:03:57]} {[%emt 00:00:05]} axb4 {[%clk
00:02:50]} {[%emt 00:00:13]} 56. axb4 {[%clk 00:04:23]} {[%emt 00:00:04]} Kxh5
{[%clk 00:02:57]} {[%emt 00:00:22]} 57. Kd3 {[%clk 00:04:34]} {[%emt 00:00:19]}
g5 {[%clk 00:03:14]} {[%emt 00:00:14]} 58. Rf8 {[%clk 00:04:55]} {[%emt
00:00:08]} f6 {[%clk 00:02:18]} {[%emt 00:01:27]} 59. b5 {[%clk 00:05:20]}
{[%emt 00:00:04]} g4 {[%clk 00:02:28]} {[%emt 00:00:21]} 60. hxg4+ {[%clk
00:05:40]} {[%emt 00:00:09]} fxg4 {[%clk 00:02:55]} {[%emt 00:00:04]} 61. b6
{[%clk 00:05:42]} {[%emt 00:00:28]} Kg5 {[%clk 00:02:37]} {[%emt 00:00:48]} 62.
Ke4 {[%clk 00:06:06]} {[%emt 00:00:05]} 1-0

[Event "English Open Championship 2024"]
[Site "Holiday Inn, 212 Abbey End, Kenilworth CV8 1ED, United Kingdom"]
[Date "2024.06.22"]
[Round "5.26"]
[White "Mason, Donald J"]
[Black "Yu, Rock"]
[Result "1/2-1/2"]
[TimeControl "G90 + 30secs/move"]
[WhiteFideId "405116"]
[BlackFideId "489000"]
[WhiteElo "2014"]
[BlackElo "1939"]

1. d4 {[%clk 01:30:56]} {[%emt 00:00:03]} Nf6 {[%clk 01:30:02]} {[%emt
00:00:58]} 2. c4 {[%clk 01:31:13]} {[%emt 00:00:13]} e6 {[%clk 01:30:31]}
{[%emt 00:00:02]} 3. Nc3 {[%clk 01:31:14]} {[%emt 00:00:28]} Bb4 {[%clk
01:30:56]} {[%emt 00:00:06]} 4. a3 {[%clk 01:31:16]} {[%emt 00:00:28]} Bxc3+
{[%clk 01:31:21]} {[%emt 00:00:05]} 5. bxc3 {[%clk 01:31:40]} {[%emt 00:00:05]}
b6 {[%clk 01:31:48]} {[%emt 00:00:05]} 6. f3 {[%clk 01:27:11]} {[%emt
00:04:58]} Nc6 {[%clk 01:32:15]} {[%emt 00:00:04]} 7. Bg5 {[%clk 01:24:33]}
{[%emt 00:03:06]} d6 {[%clk 01:29:31]} {[%emt 00:03:16]} 8. e4 {[%clk
01:17:09]} {[%emt 00:07:51]} Na5 {[%clk 01:29:25]} {[%emt 00:00:38]} 9. Bd3
{[%clk 01:13:48]} {[%emt 00:03:51]} Qd7 {[%clk 01:29:11]} {[%emt 00:00:44]} 10.
e5 {[%clk 00:59:31]} {[%emt 00:14:46]} Ng8 {[%clk 01:16:04]} {[%emt 00:13:38]}
11. Be4 {[%clk 00:49:22]} {[%emt 00:10:38]} Rb8 {[%clk 01:13:08]} {[%emt
00:03:27]} 12. Ne2 {[%clk 00:43:00]} {[%emt 00:06:51]} Nxc4 {[%clk 01:11:30]}
{[%emt 00:02:09]} 13. exd6 {[%clk 00:34:52]} {[%emt 00:08:38]} Nxd6 {[%clk
01:08:44]} {[%emt 00:03:16]} 14. Bd3 {[%clk 00:33:11]} {[%emt 00:02:10]} h6
{[%clk 01:04:35]} {[%emt 00:04:40]} 15. Bd2 {[%clk 00:32:46]} {[%emt 00:00:54]}
Nf6 {[%clk 01:03:59]} {[%emt 00:01:07]} 16. O-O {[%clk 00:33:07]} {[%emt
00:00:09]} Bb7 {[%clk 01:00:12]} {[%emt 00:04:17]} 17. a4 {[%clk 00:31:59]}
{[%emt 00:01:38]} O-O {[%clk 00:56:20]} {[%emt 00:04:21]} 18. Qc1 {[%clk
00:32:06]} {[%emt 00:00:23]} Nf5 {[%clk 00:54:07]} {[%emt 00:02:43]} 19. Ng3
{[%clk 00:29:32]} {[%emt 00:03:04]} Nh4 {[%clk 00:48:48]} {[%emt 00:05:49]} 20.
Bxh6 {[%clk 00:27:48]} {[%emt 00:02:14]} gxh6 {[%clk 00:47:38]} {[%emt
00:01:40]} 21. Qf4 {[%clk 00:27:04]} {[%emt 00:01:14]} Ng6 {[%clk 00:29:47]}
{[%emt 00:18:22]} 22. Qxf6 {[%clk 00:26:47]} {[%emt 00:00:47]} Qd8 {[%clk
00:30:16]} {[%emt 00:00:02]} 23. Nh5 {[%clk 00:26:06]} {[%emt 00:01:08]} Qxf6
{[%clk 00:30:12]} {[%emt 00:00:35]} 24. Nxf6+ {[%clk 00:26:29]} {[%emt
00:00:07]} Kh8 {[%clk 00:28:34]} {[%emt 00:02:09]} 25. Nd7 {[%clk 00:15:48]}
{[%emt 00:11:11]} Nf4 {[%clk 00:27:00]} {[%emt 00:02:01]} 26. Be4 {[%clk
00:13:37]} {[%emt 00:02:43]} Ba6 {[%clk 00:26:05]} {[%emt 00:01:25]} 27. Rfe1
{[%clk 00:09:37]} {[%emt 00:04:30]} Rg8 {[%clk 00:26:01]} {[%emt 00:00:34]} 28.
Nxb8 {[%clk 00:09:00]} {[%emt 00:01:07]} Nh3+ {[%clk 00:26:17]} {[%emt
00:00:14]} 1/2-1/2

[Event "English Open Championship 2024"]
[Site "Holiday Inn, 212 Abbey End, Kenilworth CV8 1ED, United Kingdom"]
[Date "2024.06.22"]
[Round "5.27"]
[White "Williams, Ana"]
[Black "Vaidyanathan, Adithya"]
[Result "1/2-1/2"]
[TimeControl "G90 + 30secs/move"]
[WhiteFideId "343419771"]
[BlackFideId "495450"]
[WhiteElo "1988"]
[BlackElo "2002"]

1. e4 {[%clk 01:30:58]} {[%emt 00:00:02]} c5 {[%clk 01:30:56]} {[%emt
00:00:05]} 2. Nf3 {[%clk 01:31:23]} {[%emt 00:00:04]} Nc6 {[%clk 01:31:24]}
{[%emt 00:00:03]} 3. Bb5 {[%clk 01:31:46]} {[%emt 00:00:06]} g6 {[%clk
01:31:50]} {[%emt 00:00:05]} 4. Bxc6 {[%clk 01:32:10]} {[%emt 00:00:06]} dxc6
{[%clk 01:32:17]} {[%emt 00:00:03]} 5. d3 {[%clk 01:32:30]} {[%emt 00:00:09]}
Bg7 {[%clk 01:32:42]} {[%emt 00:00:06]} 6. O-O {[%clk 01:32:53]} {[%emt
00:00:06]} Nf6 {[%clk 01:32:39]} {[%emt 00:00:34]} 7. Nc3 {[%clk 01:33:18]}
{[%emt 00:00:05]} b6 {[%clk 01:32:59]} {[%emt 00:00:10]} 8. a4 {[%clk
01:24:04]} {[%emt 00:09:43]} a5 {[%clk 01:32:27]} {[%emt 00:01:02]} 9. Ra3
{[%clk 01:14:26]} {[%emt 00:10:09]} Nd7 {[%clk 01:29:11]} {[%emt 00:03:46]} 10.
Be3 {[%clk 01:12:41]} {[%emt 00:02:15]} e5 {[%clk 01:29:10]} {[%emt 00:00:31]}
11. Nd2 {[%clk 01:11:58]} {[%emt 00:01:12]} Nf8 {[%clk 01:24:58]} {[%emt
00:04:42]} 12. Nc4 {[%clk 01:05:56]} {[%emt 00:06:32]} Ne6 {[%clk 01:22:57]}
{[%emt 00:02:32]} 13. Qd2 {[%clk 00:55:17]} {[%emt 00:11:09]} h6 {[%clk
01:08:18]} {[%emt 00:15:09]} 14. f4 {[%clk 00:47:05]} {[%emt 00:08:42]} exf4
{[%clk 01:07:43]} {[%emt 00:01:05]} 15. Bxf4 {[%clk 00:41:40]} {[%emt
00:05:55]} Nxf4 {[%clk 01:07:56]} {[%emt 00:00:16]} 16. Qxf4 {[%clk 00:42:05]}
{[%emt 00:00:05]} O-O {[%clk 01:08:13]} {[%emt 00:00:14]} 17. Kh1 {[%clk
00:34:56]} {[%emt 00:07:38]} Be6 {[%clk 01:02:14]} {[%emt 00:06:29]} 18. Ne5
{[%clk 00:31:05]} {[%emt 00:04:21]} g5 {[%clk 00:58:33]} {[%emt 00:04:12]} 19.
Qg3 {[%clk 00:31:22]} {[%emt 00:00:12]} Qc7 {[%clk 00:58:44]} {[%emt 00:00:20]}
20. Ng6 {[%clk 00:29:58]} {[%emt 00:01:54]} Qb7 {[%clk 00:56:45]} {[%emt
00:02:28]} 21. Nxf8 {[%clk 00:30:14]} {[%emt 00:00:14]} Kxf8 {[%clk 00:55:14]}
{[%emt 00:02:01]} 22. Raa1 {[%clk 00:28:16]} {[%emt 00:02:28]} Qd7 {[%clk
00:55:23]} {[%emt 00:00:22]} 23. Rae1 {[%clk 00:27:12]} {[%emt 00:01:33]} b5
{[%clk 00:52:38]} {[%emt 00:03:16]} 24. axb5 {[%clk 00:27:36]} {[%emt
00:00:06]} cxb5 {[%clk 00:53:05]} {[%emt 00:00:03]} 25. Nd5 {[%clk 00:27:55]}
{[%emt 00:00:10]} Bxd5 {[%clk 00:52:04]} {[%emt 00:01:31]} 26. exd5 {[%clk
00:28:21]} {[%emt 00:00:05]} Qxd5 {[%clk 00:51:15]} {[%emt 00:01:20]} 27. Qc7
{[%clk 00:26:19]} {[%emt 00:02:31]} Kg8 {[%clk 00:41:57]} {[%emt 00:09:48]} 28.
Re7 {[%clk 00:26:13]} {[%emt 00:00:36]} Rf8 {[%clk 00:42:12]} {[%emt 00:00:15]}
29. Qxa5 {[%clk 00:23:40]} {[%emt 00:03:02]} b4 {[%clk 00:40:37]} {[%emt
00:02:05]} 30. Rc7 {[%clk 00:21:16]} {[%emt 00:02:54]} Bd4 {[%clk 00:38:37]}
{[%emt 00:02:31]} 31. Qb6 {[%clk 00:20:17]} {[%emt 00:01:29]} Qe5 {[%clk
00:34:39]} {[%emt 00:04:28]} 32. Qc6 {[%clk 00:18:27]} {[%emt 00:02:19]} g4
{[%clk 00:33:04]} {[%emt 00:02:06]} 33. Qd7 {[%clk 00:16:56]} {[%emt 00:02:01]}
h5 {[%clk 00:25:18]} {[%emt 00:08:16]} 34. Rc8 {[%clk 00:17:13]} {[%emt
00:00:13]} Bf2 {[%clk 00:17:18]} {[%emt 00:08:30]} 35. Rxf8+ {[%clk 00:11:43]}
{[%emt 00:05:59]} Kxf8 {[%clk 00:17:46]} {[%emt 00:00:02]} 36. Ra1 {[%clk
00:10:23]} {[%emt 00:01:50]} Kg7 {[%clk 00:17:28]} {[%emt 00:00:48]} 37. Rb1
{[%clk 00:08:31]} {[%emt 00:02:22]} g3 {[%clk 00:10:13]} {[%emt 00:07:45]} 38.
hxg3 {[%clk 00:06:49]} {[%emt 00:02:12]} Bxg3 {[%clk 00:09:37]} {[%emt
00:01:07]} 39. Qh3 {[%clk 00:05:48]} {[%emt 00:01:30]} Kg6 {[%clk 00:09:29]}
{[%emt 00:00:38]} 40. Rf1 {[%clk 00:05:46]} {[%emt 00:00:32]} f5 {[%clk
00:09:25]} {[%emt 00:00:34]} 41. b3 {[%clk 00:04:56]} {[%emt 00:01:21]} h4
{[%clk 00:09:34]} {[%emt 00:00:21]} 42. Kg1 {[%clk 00:05:08]} {[%emt 00:00:18]}
Qe3+ {[%clk 00:09:46]} {[%emt 00:00:17]} 43. Kh1 {[%clk 00:05:30]} {[%emt
00:00:07]} Qe5 {[%clk 00:08:59]} {[%emt 00:01:18]} 44. Kg1 {[%clk 00:05:55]}
{[%emt 00:00:05]} Kg5 {[%clk 00:08:50]} {[%emt 00:00:39]} 45. Kh1 {[%clk
00:06:20]} {[%emt 00:00:05]} 1/2-1/2